000 00582nam a2200205Ia 4500
005 20250326144015.0
008 250326s9999 xx 000 0 und d
020 _a81-89640-22-4
037 _aTextbook
040 _aFMSL
_beng
_cFMSL
041 _aeng
_2eng
084 _aX:5.1 N9
_qFMSL
100 _aDas B L
_9741793
245 0 _aWorld trade organisation: guide to the framework for international trade
_cDas B L
260 _aNew Delhi
_bNew Delhi, Book Well
_c2007
300 _a451p
365 _b750
942 _cTB
_hX:5.1 N9
999 _c1301988
_d1301988